Tvorca aplikácie Waze: Rád riešim problémy, ktoré ma rozčúlia

Spoluzakladateľ dopravnej aplikácie Waze, Uri Levine ako aktívny sériový podnikateľ, anjelsky investor a mentor v poltucte start-upov (FeeX, FairFly, FairSale, Zeek, Engie, Moovit, Roomer). Zameriava sa na problémy v doprave, zdieľanú ekonomiku a neefektívnosti na veľkých trhoch. Google v roku 2013...

ver descrição completa

Na minha lista:
Detalhes bibliográficos
Autor principal: Andacký, Jozef
Outros Autores: Levine, Uri
Formato: Capítulo de Livro
Idioma:eslovaco
Assuntos:
Tags: Adicionar Tag
Sem tags, seja o primeiro a adicionar uma tag!

MARC

LEADER 00000naa a2200000 4500
001 0224880
005 20231113105855.5
041 0 |a slo 
044 |a SK 
245 1 0 |a Tvorca aplikácie Waze: Rád riešim problémy, ktoré ma rozčúlia  |c Jozef Andacký, Uri Levine 
520 |a Spoluzakladateľ dopravnej aplikácie Waze, Uri Levine ako aktívny sériový podnikateľ, anjelsky investor a mentor v poltucte start-upov (FeeX, FairFly, FairSale, Zeek, Engie, Moovit, Roomer). Zameriava sa na problémy v doprave, zdieľanú ekonomiku a neefektívnosti na veľkých trhoch. Google v roku 2013 aplikáciu Waze odkúpil za 1,15 miliardy dolárov. Levine v rozhovore vysvetľuje, prečo aj po epizóde s Waze-om zakladá nové start-upy. Uri Levine ako hlavný spíker na podujatí StartupAwards.sk. 
610 2 0 |a manažéri 
610 2 0 |a start-up 
610 2 0 |a podnikatelia 
610 2 0 |a osobnosť 
610 2 0 |a technológie informačné 
610 2 0 |a služby digitálne 
610 2 0 |a inovácia 
610 2 0 |a Izrael 
610 2 0 |a ekonomika zdieľaná 
100 1 |a Andacký, Jozef 
700 1 |a Levine, Uri